000 01098nam a2200289 a 4500
001 BRCA_8332
005 20190320210232.0
008 020714s1930----gw-a###f##---#001-0#ger-#
041 _ager
044 _agw
050 4 _aN5970
_b.B3 1930
100 1 _aBaum, Julius
_920835
245 1 0 _aDie malarei und plastik des mittelalters II
_bDeutschland, Frankreich und Britannien.
_cvon Julius Baum ; begründet von Fritz Burger ; herausgegeben von A. E. Brinckmann.
260 _aAlemania
_bAkademische Verlagsgesellschaft Athenaion
_c1930
300 _a391 p.
_bil. (algunas a color), 23 láminas
_c29 cm.
440 0 _aHandbuch der Kunstwissenschaft
_920836
500 _aIncluye índice de obras, índice onomástico e índice de ilustraciones
500 _aVer también R37 (parte I)
500 _aR44
650 1 4 _aArte alemán
_vPintura y escultura
_920837
650 1 4 _aArte francés
_vPintura y escultura
_920838
650 1 4 _aArte británico
_vPintura y escultura
_920839
700 1 _aBurger, Fritz
_920840
700 1 _aBrinckmann, A. E.
_eed.
_920841
902 _aGFM
942 _2lcc
_cB
999 _c8000
_d8000